The truth about unions /

Bibliographic Details
Main Author: Huberman, Leo, 1903-1968
Format: Book
Language:English
Published: New York : Pamphlet press, [1946]
Subjects:

MARC

Tag First Indicator Second Indicator Subfields
LEADER 00000cam a2200000 4500
001 in00000081635
005 20151008053023.0
008 751015s1946 nyu 00000 eng
010 |a  46025069  
035 |a (OCoLC)01706509 
035 |9 AAH5887AM 
040 |a DLC  |c TOL  |d TOL  |d TXA  |d UtOrBLW 
049 |a TXAM  |c [131886] 
050 0 |a HD6508  |b .H9 
092 |a 331.88  |b H877t 
100 1 |a Huberman, Leo,  |d 1903-1968. 
245 1 4 |a The truth about unions /  |c by Leo Huberman. 
264 1 |a New York :  |b Pamphlet press,  |c [1946] 
300 |a 3 preliminary leaves, 87 pages :  |b illustrations, diagrams ;  |c 28 x 21 cm. 
336 |a text  |b txt  |2 rdacontent 
337 |a unmediated  |b n  |2 rdamedia 
338 |a volume  |b nc  |2 rdacarrier 
500 |a "Directory of American labor unions": pages 83-87. 
650 0 |a Labor unions  |z United States. 
650 0 |a Labor unions. 
999 |a MARS 
999 f f |s 44c5d7ca-6c02-38c6-9d4a-6a9bb4ed6192  |i 1476297c-8086-3a4f-ab3a-d0bc675224c4  |t 0 
952 f f |p ric  |a Texas A&M University  |b Rellis Campus  |c Joint Library Facility  |d Remote Storage  |t 0  |e HD6508 .H9  |h Library of Congress classification  |i unmediated -- volume  |m A14800723281 
998 f f |a HD6508 .H9  |t 0  |l Remote Storage